[Event "Usti nad Labem Chlumecky Blitz op"]
[Site "Usti nad Labem"]
[Date "2024.05.05"]
[Round "13"]
[White "Bazantova, Marie"]
[Black "Fojticek, David"]
[Result "1/2-1/2"]
[WhiteElo "1863"]
[BlackElo "1773"]
[PlyCount "73"]
[EventDate "2024.05.05"]
[EventType "swiss (blitz)"]
[EventRounds "15"]
[EventCountry "CZE"]
[SourceTitle "CBM 220 Extra"]
[Source "ChessBase"]
[SourceDate "2024.07.31"]
[SourceVersion "1"]
[SourceVersionDate "2024.07.31"]
[SourceQuality "1"]

1. e4 c5 2. c3 g6 3. d4 cxd4 4. cxd4 Bg7 5. Nc3 e6 6. Nf3 Ne7 7. Bd3 0-0 8. 0-0 Nbc6 9. Be3 a6 10. a4 d5 11. e5 Bd7 12. Qd2 Rc8 13. Bg5 Qc7 14. a5 Nf5 15. Bxf5 exf5 16. Nxd5 Qb8 17. Bf6 Be6 18. Bxg7 Kxg7 19. Nf6 Rfd8 20. Qf4 Bd5 21. Nxd5 Rxd5 22. Qh4 h6 23. Qf6+ Kg8 24. Rfc1 Nxd4 25. Nxd4 Rxd4 26. e6 Rxc1+ 27. Rxc1 Qd8 28. exf7+ Kf8 29. Qxd8+ Rxd8 30. Re1 Kxf7 31. h3 Kf6 32. Rb1 Rd5 33. Ra1 Rd2 34. b4 Rb2 35. Ra4 Ke5 36. Kf1 Kd4 37. b5+ 1/2-1/2

[Event "Usti nad Labem Chlumecky Blitz op"]
[Site "Usti nad Labem"]
[Date "2024.05.05"]
[Round "1"]
[White "Paulus, Vaclav"]
[Black "Fojticek, David"]
[Result "1-0"]
[WhiteElo "2051"]
[BlackElo "1773"]
[PlyCount "64"]
[EventDate "2024.05.05"]
[EventType "swiss (blitz)"]
[EventRounds "15"]
[EventCountry "CZE"]
[SourceTitle "CBM 220 Extra"]
[Source "ChessBase"]
[SourceDate "2024.07.31"]
[SourceVersion "1"]
[SourceVersionDate "2024.07.31"]
[SourceQuality "1"]

1. e4 c5 2. Nf3 d6 3. d4 cxd4 4. Nxd4 Nf6 5. Nc3 g6 6. Be3 Bg7 7. Qd2 Ng4 8. Bb5+ Bd7 9. Bxd7+ Qxd7 10. Bg5 h6 11. Bh4 0-0 12. f3 Ne5 13. 0-0-0 Nbc6 14. Nb3 Rac8 15. Kb1 a6 16. Nd5 g5 17. Bf2 b5 18. c3 Nc4 19. Qe2 N6e5 20. h4 e6 21. Ne3 Nxe3 22. Bxe3 Nc4 23. Bc1 f6 24. Nd4 e5 25. Nf5 Rc6 26. g4 Rfc8 27. hxg5 hxg5 28. Qh2 a5 29. Qh7+ Kf8 30. Rh6 b4 31. Rxf6+ Ke8 32. Qg8+ Bf8 1-0